• 首页
  • 本馆介绍
  • 公告通知
  • 最新文献
  • 馆藏检索
  • 电子资源
  • 读者导购
  • 参考咨询
  • 我的图书馆
  • 登录
  • 详细信息显示
  • 放入我的书架
  • 预约/预借图书
  • 作者相关作品
  • 分类相关作品
  • 丛书相关作品
  • 出版社相关作品

书目信息

  • 表格格式
  • 工作单格式
  • 卡片格式
题名:
1994-2004西医综合真题解析
    
 
作者: ;北京大学医学部专家组 编
分册:  
出版信息: 北京   北京医科大学出版社  2004.03
页数: 304页
开本: 26cm
丛书名:
单 册:
中图分类: R-44
科图分类:
主题词: 现代医药学--研究生--入学考试--解题
电子资源:
ISBN: 7-81071-487-2
000 00727nam0 2200229 45
001 012004009118
005 20040615085209.0
010    @a7-81071-487-2@dCNY31.50
100    @a20041111d2004 em y0chiy50 ea
101 0  @achi
102    @aCN@b110000
105    @ay q 000yy
200 1  @a1994-2004西医综合真题解析@A1994-2004 xi yi zong he zhen ti jie xi@f北京大学医学部专家组编
210    @a北京@c北京医科大学出版社@d2004.03
215    @a304页@d26cm
300    @a全国硕士研究生入学考试
606 0  @a现代医药学@x研究生@x入学考试@j解题
690    @aR-44@v4
711 02 @a北京大学医学部专家组@9Bei Jing Da Xue Yi Xue Bu Zhuan Jia Zu@4编
801  0 @aCN@bBZT@c20041111
905    @aBZT@dR-44@e1@f10
906    @dCNY31.50@n0@r1
    
    1994-2004西医综合真题解析/北京大学医学部专家组编.-北京:北京医科大学出版社,2004.03
    304页;26cm
    全国硕士研究生入学考试
    
    ISBN 7-81071-487-2:CNY31.50
    
●
相关链接 在五车中查询图书 在当当中查询图书 在豆瓣中查询图书


正题名:1994-2004西医综合真题解析     索取号:R-44/1         预约/预借

序号 登录号 条形码 馆藏地/架位号 状态 备注
1 0374909   200905663   样本书库/样003架B面5层2列/ [索取号:R-44/1] 在馆    
2 0374910   200905672   中心书库中库/ 中库001架A面2列3层46/ [索取号:R-44/1] 在馆    
3 0374911   200905645   中心书库中库/ 中库001架A面2列3层51/ [索取号:R-44/1] 在馆    
4 0374912   200905654   中心书库中库/ 中库001架A面2列3层48/ [索取号:R-44/1] 在馆    
5 0374913   200905627   中心书库中库/ 中库001架A面2列3层50/ [索取号:R-44/1] 在馆    
6 0374914   200905636   中心书库中库/ 中库001架A面2列3层49/ [索取号:R-44/1] 在馆    
7 0374915   200905609   中心书库中库/ 中库001架A面2列3层52/ [索取号:R-44/1] 在馆    
8 0374916   200905618   中心书库中库/ 中库001架A面2列3层53/ [索取号:R-44/1] 在馆    
9 0374917   200905583   中心书库中库/ 中库001架A面2列3层47/ [索取号:R-44/1] 在馆    
10 0374918   200905592   中心书库中库/ 中库001架A面2列3层54/ [索取号:R-44/1] 在馆    
山东省滨州职业学院图书馆 欢迎您!
大连网信软件有限公司© 版权所有